| 000 | 01664cam a2200469 a 4500 | ||
|---|---|---|---|
| 001 | 22586 | ||
| 003 | SK-KTurca | ||
| 005 | 20260401142508.0 | ||
| 008 | 240226s1990 xo a jr 000 f slo | ||
| 015 | _aSNBA1990/06 | ||
| 020 |
_a800600191X _q(viazané) |
||
| 035 | _aC97C375A-1155-4C7D-969B-BD14C307D6D0 | ||
| 035 | _aSNK000005215 | ||
| 035 | _aurn:nbn:sk:snk-am003pr4 | ||
| 035 | _aurn:nbn:sk:snk-amjak9 | ||
| 040 |
_aSNK _bslo _cSNK _eAACR2 |
||
| 041 | 1 |
_aslo _heng |
|
| 044 |
_axo _cSK |
||
| 072 | 7 |
_a821.111(73)-3 _xAmerická próza _2konspekt |
|
| 072 | 7 |
_a821-93 _xLiteratúra pre deti a mládež (beletria) _2konspekt |
|
| 080 |
_a821.111(73)-31 _22011 |
||
| 080 |
_a821-311.3 _22011 |
||
| 080 |
_a82-93-053.4/.5 _22011 |
||
| 100 | 1 |
_aGrey, Zane, _d1872-1939 _4aut |
|
| 240 | 1 | 0 |
_aRiders of the purple sage _lSlovensky |
| 245 | 1 | 0 |
_aJazdec v maske _cZane Grey ; [z anglického originálu Riders of the purple sage ... preložila Šarlota Barániková ; ilustroval František Hübel] |
| 250 | _a3. vyd. | ||
| 260 |
_aBratislava _bMladé letá _c1990 |
||
| 300 |
_a305 strán _bilustrácie _c21 cm |
||
| 366 | _e58000 kusov | ||
| 490 | 1 | _aStopy | |
| 500 | _aRozložený ilustrovaný titulný list. Výslovnosť cudzích mien a názvov na strane [306-307] | ||
| 521 | 1 | _aPre čitateľov od 11 rokov | |
| 655 | 7 |
_aamerické romány _2SNKPH |
|
| 655 | 7 |
_adobrodružné romány _2SNKPH |
|
| 655 | 7 |
_aliteratúra pre deti a mládež _2SNKPH |
|
| 700 | 1 |
_aBarániková, Šarlota, _d1923-1996 _4trl |
|
| 700 | 1 |
_aHübel, František, _d1934-1978 _4ill |
|
| 830 | 0 | _aStopy | |
| 942 |
_2ddc _cKLDO _n0 |
||
| 999 |
_c22586 _d22586 |
||